|
|
|
|
| LEADER |
00000nas a2200000 a 4500 |
| 001 |
ssj0015900 |
| 003 |
WaSeSS |
| 005 |
20200512172242.0 |
| 006 |
m d |
| 007 |
cr n |
| 008 |
000408c19769999wiubr pss 0 0eng c |
| 010 |
|
|
|a 2004233726
|
| 022 |
|
|
|a 1435-0661
|l 0361-5995
|y 0361-5995
|
| 035 |
|
|
|a (WaSeSS)ssj0015900
|
| 040 |
|
|
|a OH1
|b eng
|e pn
|c OH1
|d OCLCQ
|d GUA
|d VRC
|d OCLCQ
|d AGL
|d OCLCQ
|d TXA
|d OCLCQ
|d UMC
|d OCLCO
|d OCLCF
|d OCLCO
|d OCLCQ
|d CUV
|d CUS
|d DLC
|d AUD
|d U3W
|d OCLCO
|d DLC
|d WaSeSS
|
| 042 |
|
|
|a pcc
|
| 043 |
|
|
|a n-us---
|
| 050 |
1 |
4 |
|a S590
|
| 070 |
0 |
|
|a 56.9
|b So3
|
| 072 |
|
0 |
|a J000
|
| 210 |
0 |
|
|a Soil Sci. Soc. Am. j.
|b (Internet)
|
| 222 |
|
0 |
|a Soil Science Society of America journal
|b (Internet)
|
| 245 |
0 |
0 |
|a Soil Science Society of America journal
|h [electronic resource].
|
| 246 |
1 |
3 |
|a SSSAJ
|
| 246 |
1 |
3 |
|a SSSA journal
|
| 260 |
|
|
|a [Madison, Wis.] :
|b Soil Science Society of America
|
| 310 |
|
|
|a Bimonthly
|
| 362 |
1 |
|
|a Print began with v. 40, published in 1976.
|
| 506 |
|
|
|a License restrictions may limit access.
|
| 588 |
|
|
|a Description based on: Vol. 63, issue 4 (July/Aug. 1999); title from journal homepage (Highwire Press, viewed July 1, 2004).
|
| 588 |
|
|
|a Latest issue consulted: Vol. 77, no. 6 (November/December 2013) (publisher's Web site, viewed November 13, 2013).
|
| 610 |
2 |
6 |
|a Soil Science Society of America.
|
| 650 |
|
0 |
|a Soils
|z United States
|v Periodicals.
|
| 650 |
|
7 |
|a Soils.
|2 fast
|0 (OCoLC)fst01124682
|
| 651 |
|
7 |
|a United States.
|2 fast
|0 (OCoLC)fst01204155
|
| 655 |
|
0 |
|a Electronic journals.
|
| 710 |
2 |
|
|a Soil Science Society of America.
|
| 776 |
0 |
8 |
|i Print version:
|t Soil Science Society of America journal
|x 0361-5995
|w (DLC) 76643135
|w (OCoLC)2093507
|
| 780 |
0 |
0 |
|a Soil Science Society of America.
|t Proceedings
|x 2691-1035
|w (DLC) 2020201901
|w (OCoLC)609341575
|
| 856 |
4 |
0 |
|z Full text available from Research Library: 03/01/2002 to 18 months ago
|u https://search.proquest.com/publication/40901
|